The global family planning revolution : (Record no. 12582)

000 -LEADER
fixed length control field 00831cam a2200265 a 4500
020 ## - INTERNATIONAL STANDARD BOOK NUMBER
ISBN 9780821369517
020 ## - INTERNATIONAL STANDARD BOOK NUMBER
ISBN 0821369512
020 ## - INTERNATIONAL STANDARD BOOK NUMBER
ISBN 0821369520 (electronic)
020 ## - INTERNATIONAL STANDARD BOOK NUMBER
ISBN 9780821369524 (electronic)
040 ## - CATALOGING SOURCE
Transcribing agency DLC
082 00 - DEWEY DECIMAL CLASSIFICATION NUMBER
Classification number 363 WOR 2007 A021 Or.
245 04 - TITLE STATEMENT
Title The global family planning revolution :
Remainder of title three decades of population policies and programs /
260 ## - PUBLICATION, DISTRIBUTION, ETC. (IMPRINT)
Place of publication Washington, D.C. :
Name of publisher World Bank,
Year of publication c2007.
300 ## - PHYSICAL DESCRIPTION
Number of Pages xviii, 470 p. :
Other physical details ill. ;
Dimensions 26 cm.
500 ## - GENERAL NOTE
General note Includes twenty-three case studies.
650 #0 - SUBJECT ADDED ENTRY--TOPICAL TERM
Topical Term Population policy
650 #0 - SUBJECT ADDED ENTRY--TOPICAL TERM
Topical Term Family planning
650 #0 - SUBJECT ADDED ENTRY--TOPICAL TERM
Topical Term Contraception
650 #0 - SUBJECT ADDED ENTRY--TOPICAL TERM
Topical Term Fertility, Human
650 #0 - SUBJECT ADDED ENTRY--TOPICAL TERM
Topical Term Population
700 1# - ADDED ENTRY--PERSONAL NAME
Personal name Robinson, Warren C.,
700 1# - ADDED ENTRY--PERSONAL NAME
Personal name Ross, John A.,
856 41 - ELECTRONIC LOCATION AND ACCESS
Uniform Resource Identifier http://www.loc.gov/catdir/toc/ecip079/2007003152.html
942 ## - ADDED ENTRY ELEMENTS (KOHA)
Koha item type សៀវភៅភាសាអង់គ្លេស
952 ## - LOCATION AND ITEM INFORMATION (KOHA)
Withdrawn status [LOCAL, KOHA] 0
Holdings
Permanent Location Date acquired Koha item type Lost status Shelving location Barcode Current Location Full call number
Library Block A2017-08-15សៀវភៅភាសាអង់គ្លេស A021a16567Library Block A363 WOR 2007 A021 Or.
មជ្ឈមណ្ឌលឯការនៃសាកលវិទ្យាល័យភូមិន្ទកសិកម្មចំការដូង

Powered by Koha